Austria’s Economic Relations with the EU Eastern Partnership Countries and Russia
Saved in:
| Main Author: | |
|---|---|
| Format: | Book |
| Language: | English |
| Published: |
Vienna
The Vienna Institute for International Economic Studies
2024
|
| Subjects: | |
| Tags: |
No Tags, Be the first to tag this record!
|
MARC
| LEADER | 00000nlm a2200000 4500 | ||
|---|---|---|---|
| 001 | 0303098 | ||
| 005 | 20240716130603.9 | ||
| 041 | 0 | |a eng | |
| 044 | |a AT | ||
| 245 | 1 | 0 | |a Austria’s Economic Relations with the EU Eastern Partnership Countries and Russia |c Vasily Astrov |
| 264 | 1 | |a Vienna |b The Vienna Institute for International Economic Studies |c 2024 | |
| 300 | |a 24 s. | ||
| 610 | 2 | 0 | |a vzťahy hospodárske medzinárodné |
| 610 | 2 | 0 | |a Rakúsko |
| 610 | 2 | 0 | |a Rusko |
| 610 | 2 | 0 | |a Európska únia |
| 610 | 2 | 0 | |a východná Európa |
| 610 | 2 | 0 | |a obchod medzinárodný |
| 610 | 2 | 0 | |a investície zahraničné |
| 610 | 2 | 0 | |a plyn |
| 100 | 1 | |a Astrov, Vasily | |